A hún és hiungnu népek azonossága

Elmentve itt :
Bibliográfiai részletek
Szerző: Szász Béla
Dokumentumtípus: Cikk
Megjelent: Történetírás Budapest 1938
Kulcsszavak:Hunok története
Tárgyszavak:
Online Access:http://misc.bibl.u-szeged.hu/64898
LEADER 00697nab a2200205 i 4500
001 misc64898
005 20230515140905.0
008 230324s1938 hu o 0|| hun d
040 |a SZTE Miscellanea Repozitórium  |b hun 
041 |a hun 
100 1 |a Szász Béla 
245 1 2 |a A hún és hiungnu népek azonossága  |h [elektronikus dokumentum] /  |c  Szász Béla 
260 |a Történetírás  |b Budapest  |c 1938 
300 |a 31 p.  |c 24 cm 
561 |a Németh Gyula hagyaték 
591 |a NOA 5837 
650 4 |a Bölcsészettudományok 
650 4 |a Történettudomány és régészet 
695 |a Hunok története 
856 4 0 |u http://misc.bibl.u-szeged.hu/64898/1/5837_noa.pdf  |z Dokumentum-elérés